Guess The Country (My Edition Part 2) - Statistics

General Stats
  • This quiz has been taken 12 times
  • The average score is 13 of 15
Answer Stats
Picture Answer % Correct
Argentina
100%
Italy
100%
South Korea
100%
Sweden
100%
Austria
92%
Croatia
92%
Denmark
92%
Greece
92%
Mexico
92%
Poland
92%
Ireland
83%
Portugal
83%
Russia
83%
Dominican Republic
75%
Palestine
67%
No matching quizzes found
Score Distribution
Percent of People with Each Score
Percentile by Number Answered
Your Score History
You have not taken this quiz